| 000 | 00355nam a22001577a 4500 | ||
|---|---|---|---|
| 005 | 20160620113611.0 | ||
| 008 | 160620b xxu||||| |||| 00| 0 eng d | ||
| 041 | _aeng | ||
| 082 | _b8467 | ||
| 100 |
_aBhat, Shridhara K. _92307 |
||
| 245 | _aTotal Quality Management | ||
| 260 |
_bHPH _c2007 |
||
| 300 | _a747 | ||
| 650 |
_aManagement _9241 |
||
| 942 | _cBK | ||
| 999 |
_c3238 _d3237 |
||